| 000 | 01034cam a2200337 i 4500 | ||
|---|---|---|---|
| 999 |
_c20878 _d20878 |
||
| 001 | 3161412 | ||
| 003 | BDDh-ASL | ||
| 005 | 20231015025939.0 | ||
| 008 | 750421s1975 nyua j b 001 0 eng | ||
| 010 | _a 75012996 | ||
| 020 | _a0590173634 | ||
| 040 |
_aDLC _cDLC _dDLC _dBDDh-ASL |
||
| 042 | _alcac | ||
| 050 | 0 | 0 |
_aQH325 _b.G34 |
| 082 | 0 | 0 |
_a301 _bGAH |
| 100 | 1 | _aGallant, Roy A. | |
| 245 | 1 | 0 |
_aHow life began : _bcreation versus evolution / _cRoy A. Gallant. |
| 260 |
_aNew York : _bFour Winds Press, _c[1975] |
||
| 300 |
_aviii, 214 p. : _bill. ; _c23 cm. |
||
| 500 | _aIncludes index. | ||
| 504 | _aBibliography: p. 201-206. | ||
| 520 | _aSurveys various myths and scientific hypotheses concerning the origin of the physical universe and of life on the planet Earth. | ||
| 650 | 0 |
_aLife _xOrigin. |
|
| 650 | 0 | _aEvolution (Biology) | |
| 650 | 0 | _aCreation. | |
| 650 | 1 |
_aLife _xOrigin. |
|
| 650 | 1 | _aEvolution. | |
| 650 | 1 | _aCreation. | |
| 906 |
_a7 _bcbc _corignew _d1 _eocip _f19 _gy-gencatlg |
||
| 942 |
_2ddc _cBK |
||